Statistics for Largest U.S. Cities In Selected States

Click here to take the quiz!

General Stats

  • This quiz has been taken 260 times
  • The average score is 13 of 15

Answer Stats

State/PopulationAnswer% Correct
CA,3,819,702Los Angeles
99%
AZ,1,512,732Phoenix
98%
CO,612,348Denver
96%
IN,827,609Indianapolis
96%
NV,589,317Las Vegas
95%
TX,2,145,146Houston
94%
HI,377,655Honolulu
92%
FL,827,413Jacksonville
90%
UT,192,760Salt Lake City
88%
OH,777,864Columbus
87%
RI,172,036Providence
83%
KY,602,011Louisville-Jefferson Co.
82%
AL,212,413Birmingham
81%
WV,54,782Charleston
68%
MT,101,962Billings
64%

Score Distribution

Percentile by Number Answered

Percent of People with Each Score

Your Score History

You have not taken this quiz